banner-ar

موسوعة احداث القرن العشرين / (Record no. 66590)

MARC details
000 -الفاتح
حقل البيانات ثابتة الطول 00804nam a22002297a 4500
005 - وقت وتاريخ اخر تعامل مع التسجيلة
رقم الضبط 20240530110927.0
008 - عناصر البيانات ثابتة الطول - معلومات عامة
حقل البيانات ثابتة الطول 220221s2005 ua c g b 000 0 ara d
017 ## - رقم الايداع القانونى
المصدر ( الهيئة المختصة) مصر. دار الكتب
020 ## - الرقم الدولى المعيارى للكتب
الرقم الدولى المعيارى للكتاب 9960404374
040 ## - مصدر الفهرسة
وكالة الفهرسة الأصلية EG-CaGPL
وكالة النسخ EG-CaGPL
082 04 - رقم تصنيف ديوى العشرى
رقم الطبعة 21
رقم التصنيف 909.82 /
رقم المادة ن م
100 0# - المدخل الرئيسى - إسم شخصى
الإسم الشخصى ناصر بن محمد الزمل
245 10 - بيان العنوان
العنوان موسوعة احداث القرن العشرين /
بيان المسئوليه,etc ناصر بن محمد الزمل
260 ## - PUBLICATION, DISTRIBUTION, ETC. (IMPRINT)
تاريخ النشر أو التوزيع 2005
300 ## - الوصف المادى
التعداد 8 مج ؛
أبعاد الوعاء 24 سم
500 ## - تبصرة عامة
تبصرة عامة 8 اجزاء من 1900 - 2000
650 07 - المدخل الاضافى بالموضوع-مصطلح موضوعى
مصطلح موضوعي العالم
مصدر الرأس أو المصطلح qrmak
التقسيم الفرعي العام تاريخ
650 07 - المدخل الاضافى بالموضوع-مصطلح موضوعى
مصطلح موضوعي التاريخ الحديث
مصدر الرأس أو المصطلح qrmak
التقسيم الفرعي الزمني القرن العشرون
651 ## - المدخل الاضافى بالموضوع - اسم جغرافى
مصدر الرأس أو المصطلح qrmak
942 ## - عناصر المدخل الإضافي( كوها)
مصدر التصنيف او مخطط الترفيف Dewey Decimal Classification
Koha [default] item type كتاب
260 ## - PUBLICATION, DISTRIBUTION, ETC. (IMPRINT)
-- الرياض :
-- مكتبة العبيكان
Holdings
حالة التراجع حالة الفقد حالة تلف ليس للاعارة المكان المؤقت الموقع الحالى موقع الترفيف تاريخ الاكتساب اجمالي اﻻعارات رقم الطلب الباركود تاريخ اخر مشاهدة تاريخ تفعيل السعر نوع وعاء كوها
        مكتبة القاهرة الكبرى مكتبة القاهرة الكبرى ق الرئيسية_التاريخ والجغرافيا_ك عربى 08/15/2022   909.82 / ن م 168228 08/15/2022 08/15/2022 كتاب
        مكتبة القاهرة الكبرى مكتبة القاهرة الكبرى ق الرئيسية_التاريخ والجغرافيا_ك عربى 08/15/2022   909.82 / ن م 168229 08/15/2022 08/15/2022 كتاب
        مكتبة القاهرة الكبرى مكتبة القاهرة الكبرى ق الرئيسية_التاريخ والجغرافيا_ك عربى 08/15/2022   909.82 / ن م 168230 08/15/2022 08/15/2022 كتاب
        مكتبة القاهرة الكبرى مكتبة القاهرة الكبرى ق الرئيسية_التاريخ والجغرافيا_ك عربى 08/15/2022   909.82 / ن م 168231 08/15/2022 08/15/2022 كتاب
        مكتبة القاهرة الكبرى مكتبة القاهرة الكبرى ق الرئيسية_التاريخ والجغرافيا_ك عربى 08/15/2022   909.82 / ن م 168232 08/15/2022 08/15/2022 كتاب
        مكتبة القاهرة الكبرى مكتبة القاهرة الكبرى ق الرئيسية_التاريخ والجغرافيا_ك عربى 08/15/2022   909.82 / ن م 168233 08/15/2022 08/15/2022 كتاب
        مكتبة القاهرة الكبرى مكتبة القاهرة الكبرى ق الرئيسية_التاريخ والجغرافيا_ك عربى 08/15/2022   909.82 / ن م 168234 08/15/2022 08/15/2022 كتاب
        مكتبة القاهرة الكبرى مكتبة القاهرة الكبرى ق الرئيسية_التاريخ والجغرافيا_ك عربى 08/15/2022   909.82 / ن م 168235 08/15/2022 08/15/2022 كتاب

Powered By

EGPV